000 00408nam a2200157 4500
001 132731
003 ES-MaACL
005 20230906194233.0
007 t|
008 070214s1967 sp r ||||1| spa d
100 1 _aRos, Félix.
_999572
245 1 0 _aCondenado a muerte /
_cFélix Ros.
260 _aMadrid :
_bEd. Nacional,
_c1967.
300 _a228 p. ;
_c21 cm.
852 _aES-MaACL
_jC-32824
_bR.63260
999 _c132731
_d132731